1206 1800 1566 1546 1050 1660 1673 1441 1752 1648 1280 1984 1845 1589 1786 1575 1647 1516 1960 1856 1165 1611 1142 1718 1163 1987 1184 1901 1534 1577 1574 1310 1527 1434 1888 1497 1805 1892 1159 1841 1975 1765 1797 1188 1154 1649 1918 1950 1786 1931 1673 1727 1535 1424 1226 1015 1092 1360 1446 1219 1314 1329 1828 1677 1662 1286 1034 1813 1631 1263 1502 1058 1060 1483 1968 1107 1570 1513 1716 1009 1797 1713 1309 1401 1763 1797 1945 1859 1273 1511 1043 1522 1055 1009 1225 1149 1315 1854 1388 BCNSPRNW ULIB Ver.6.0+V

เปลี่ยนเป็นภาษาไทย

Change to English
 แสดงรายละเอียดบรรณานุกรม
  กลับหน้าหลัก

Brief Record : Get Marc (ISO 2709) : E-mail record : QR code < ปิดหน้าต่าง
LEADER : 00000nam 2200000uu 4500
001    13399121386
003     ULIB
008    121116s2551||||th 000 0 tha d
020    ^a9789742127718
050 04 ^aQA76.76^bส786ม
100 0  ^aสุธีร์ นวกุล
245 10 ^aมือใหม่ขอเป็นเซียน Windows Vista /^cสุธีร์ นวกุล
260    ^aกรุงเทพฯ :^bซีเอ็ดยูเคชั่น,^c2551
300    ^a622 หน้า :^bภาพประกอบ
650  7 ^aไมโครซอฟต์วินโดวส์วิสต้า
650  7 ^aระบบปฏิบัติการ (คอมพิวเตอร์)
945    ^p225^l0^i16673
995    ^aวิภา
999 ^a ศิริพร
รายการนี้ยังไม่มีแท็ก
คุณยังไม่ได้ล็อกอิน คุณสามารถมีกิจกรรมร่วมกับเว็บไซต์ได้ แต่ต้องล็อกอินก่อน ::
  ล็อกอิน

รายการสื่อสารสนเทศ

ลำดับที่ ประเภท เลขเรียก/บาร์โค้ด สถานที่ สถานะ
1. วิทยาศาสตร์การแพทย์ และสุขภาพ
วิทยาศาสตร์การแพทย์ และสุขภาพ
QA76.76 ส786ม  
  Barcode: 16673
ห้องสมุดวิทยาเขตสวรรค์ประชารักษ์
►หนังสือทั่วไป
บนชั้น

รายการใกล้เคียง
    ผู้แต่ง [สุธีร์ นวกุล]

    หัวเรื่อง [ไมโครซอฟต์วินโดวส์วิสต้า]
    หัวเรื่อง [ระบบปฏิบัติการ (คอมพิวเตอร์)]

BibComment


ยังไม่เคยถูกคอมเมนท์

คอมเมนท์ทรัพยากรรายการนี้
  คอมเมนท์: มือใหม่ขอเป็นเซี..


 Copyright 2026. Bcnsprnw @Library